Prirucnik za suzbijanje diskriminacije i nasilia protiv LGBT osoba /

Guardat en:
Dades bibliogràfiques
Altres autors: Bandalo, Ana, Jurcic, Marko, Kusan, Lovorka, Labavic, Natalija
Format: Llibre
Idioma:croat
Publicat: Zagreb : Zagreb Pride : Centar za LGBT ravnopravnost, 2011
Etiquetes: Afegir etiqueta
Sense etiquetes, Sigues el primer a etiquetar aquest registre!

MARC

LEADER 00000nam a22000007i 4500
001 IT\ICCU\UBO\3939652
003 ItRI
005 20260115232211.0
008 120523s2011 ci |||||| ||||| |||||c
020 |a 9789535666431 
040 |b ita  |c importazione bologna sebina 
041 7 |a hrv  |2 ISO-639-2 
245 0 0 |a Prirucnik za suzbijanje diskriminacije i nasilia protiv LGBT osoba /  |c Ana Bandalo [et al.]. 
260 |a Zagreb :  |b Zagreb Pride :  |b Centar za LGBT ravnopravnost,  |c 2011 
300 |a 119p., 21x21 cm. 
700 1 |a Bandalo, Ana  |0 IT\ICCU\UBOV\338244 
700 1 |a Jurcic, Marko  |0 IT\ICCU\UBOV\338247 
700 1 |a Kusan, Lovorka  |0 IT\ICCU\UBOV\338246 
700 1 |a Labavic, Natalija  |0 IT\ICCU\UBOV\338245 
942 |2 ddc  |c BK  |n 0 
952 |0 0  |1 0  |4 0  |6 DOC_306_766000000000000_BAN  |7 0  |9 21840  |a BO  |b BO  |d 2026-01-15  |i 16404  |l 0  |o DOC 306.766 BAN  |p BO16404  |r 2026-01-15 23:22:11  |w 2026-01-15  |x [Sebina 5] [1 v.]  |y BK  |z 1 v. 
999 |c 18666  |d 18666